North American Pro Sports Teams Containing Each Letter A-Z - Statistics

General Stats
  • This quiz has been taken 1,142 times
    1,118 since last reset
  • The average score is 223 of 283
Answer Stats
Starts With Contains # Possible Answers Sports % Correct
B B 15 Blue Jays, Buccaneers, Blues, Bucks, Brewers, Blue Jackets, Browns, Bengals, Bulls, Bears, Bills, Bruins, Braves, Broncos, Blackhawks
98%
B S 15 Blue Jays, Buccaneers, Blues, Bucks, Brewers, Broncos, Blue Jackets, Browns, Bengals, Bulls, Blackhawks, Bears, Bills, Bruins, Braves
98%
C C 13 Commanders, Capitals, Canucks, Canadiens, Clippers, Chargers, Chiefs, Colts, Cowboys, Cavaliers, Cubs, Celtics, Cardinals
98%
C S 13 Commanders, Capitals, Canucks, Cardinals, Canadiens, Clippers, Chargers, Chiefs, Colts, Cowboys, Cavaliers, Cubs, Celtics
98%
C I 7 Capitals, Cardinals, Canadiens, Clippers, Chiefs, Cavaliers, Celtics
97%
B L 7 Blue Jays, Blues, Blue Jackets, Bengals, Bulls, Blackhawks, Bills
95%
B U 7 Blue Jays, Buccaneers, Blues, Bucks, Blue Jackets, Bulls, Bruins
95%
C E 7 Commanders, Canadiens, Clippers, Chargers, Chiefs, Cavaliers, Celtics
95%
C L 6 Capitals, Cardinals, Clippers, Colts, Cavaliers, Celtics
95%
R R 12 Raptors, Rangers, Rays, Rams, Raiders, Royals, Rockets, Red Wings, Rockies, Reds, Red Sox, Ravens
95%
R S 12 Raptors, Rangers, Rays, Rams, Raiders, Royals, Rockets, Red Wings, Rockies, Reds, Red Sox, Ravens
95%
S S 10 Seahawks, Sharks, Spurs, Steelers, Suns, Seventy-Sixers, Senators, Saints, Stars, Sabres
95%
B A 7 Blue Jays, Buccaneers, Blue Jackets, Bengals, Blackhawks, Bears, Braves
94%
B E 8 Blue Jays, Buccaneers, Blues, Brewers, Blue Jackets, Bengals, Bears, Braves
94%
B R 7 Buccaneers, Brewers, Broncos, Browns, Bears, Bruins, Braves
94%
C A 7 Commanders, Capitals, Canucks, Cardinals, Canadiens, Chargers, Cavaliers
94%
D D 5 Dolphins, Dodgers, Diamondbacks, Ducks, Devils
94%
D S 5 Devils, Dolphins, Dodgers, Diamondbacks, Ducks
94%
P P 11 Padres, Pirates, Penguins, Phillies, Pelicans, Patriots, Predators, Pacers, Packers, Panthers, Pistons
94%
P S 12 Padres, Pirates, Penguins, Phillies, Pelicans, Patriots, Predators, Pacers, Packers, Panthers, Pistons
94%
R E 8 Rangers, Raiders, Rockets, Red Wings, Rockies, Reds, Red Sox, Ravens
94%
L L 3 Lightning, Lakers, Lions
93%
P A 8 Padres, Pirates, Pelicans, Patriots, Predators, Pacers, Packers, Panthers
93%
P E 9 Padres, Pirates, Penguins, Phillies, Pelicans, Predators, Pacers, Packers, Panthers
93%
P R 6 Padres, Pirates, Patriots, Pacers, Packers, Panthers
93%
R A 7 Raptors, Rangers, Rays, Rams, Raiders, Royals, Ravens
93%
S R 6 Sharks, Spurs, Steelers, Senators, Stars, Sabres
93%
W I 4 Wizards, Wild, Warriors, White Sox
93%
W W 4 Wizards, Wild, Warriors, White Sox
93%
B N 5 Buccaneers, Bengals, Browns, Bruins, Broncos
92%
C D 3 Commanders, Cardinals, Canadiens
92%
C N 4 Commanders, Canucks, Cardinals, Canadiens
92%
C R 5 Commanders, Cardinals, Clippers, Chargers, Cavaliers
92%
F F 4 Fourty-Niners, Flyers, Flames, Falcons
92%
F S 4 Fourty-Niners, Flyers, Flames, Falcons
92%
J J 3 Jets, Jazz, Jaguars
92%
M M 7 Mammoth, Maple Leafs, Mariners, Magic, Mets, Marlins, Mavericks
92%
P I 5 Pirates, Phillies, Pelicans, Patriots, Pistons
92%
P T 5 Pirates, Patriots, Predators, Panthers, Pistons
92%
T T 7 Titans, Trail Blazers, Twins, Timberwolves, Texans, Tigers, Thunder
92%
G G 4 Golden Knights, Giants, Grizzlies, Guardians
91%
G I 4 Golden Knights, Giants, Grizzlies, Guardians
91%
G S 4 Golden Knights, Giants, Grizzlies, Guardians
91%
L S 2 Lakers, Lions
91%
R D 4 Raiders, Red Wings, Reds, Red Sox
91%
S A 7 Seahawks, Sharks, Steelers, Senators, Saints, Stars, Sabres
91%
S E 5 Seahawks, Steelers, Seventy-Sixers, Senators, Sabres
91%
T I 4 Trail Blazers, Twins, Timberwolves, Tigers
91%
T S 6 Titans, Trail Blazers, Twins, Timberwolves, Texans, Tigers
91%
A E 3 Avalanche, Athletics, Angels
90%
A L 3 Avalanche, Athletics, Angels
90%
B C 5 Buccaneers, Bucks, Broncos, Blue Jackets, Blackhawks
90%
D I 3 Devils, Dolphins, Diamondbacks
90%
J S 2 Jets, Jaguars
90%
K K 3 Kraken, Kings, Knicks
90%
K N 3 Kraken, Kings, Knicks
90%
M A 6 Mammoth, Maple Leafs, Mariners, Magic, Marlins, Mavericks
90%
M S 5 Maple Leafs, Mariners, Mets, Marlins, Mavericks
90%
P N 4 Penguins, Pelicans, Panthers, Pistons
90%
R O 5 Raptors, Royals, Rockets, Rockies, Red Sox
90%
S T 5 Steelers, Seventy-Sixers, Senators, Saints, Stars
90%
C T 3 Capitals, Colts, Celtics
89%
J A 2 Jazz, Jaguars
89%
M E 4 Maple Leafs, Mariners, Mets, Mavericks
89%
S N 4 Suns, Seventy-Sixers, Senators, Saints
89%
T E 5 Trail Blazers, Thunder, Timberwolves, Texans, Tigers
89%
T R 4 Trail Blazers, Thunder, Timberwolves, Tigers
89%
W S 3 Wizards, Warriors, White Sox
89%
F E 3 Fourty-Niners, Flyers, Flames
88%
G N 3 Golden Knights, Giants, Guardians
88%
H H 4 Heat, Hornets, Hurricanes, Hawks
88%
K I 2 Kings, Knicks
88%
K S 2 Kings, Knicks
88%
P C 3 Pelicans, Pacers, Packers
88%
R N 3 Rangers, Red Wings, Ravens
88%
T N 4 Titans, Thunder, Twins, Texans
88%
C O 3 Commanders, Colts, Cowboys
87%
D L 2 Devils, Dolphins
87%
D N 2 Dolphins, Diamondbacks
87%
D O 3 Dolphins, Dodgers, Diamondbacks
87%
F L 3 Flyers, Flames, Falcons
87%
F N 2 Fourty-Niners, Falcons
87%
F O 2 Fourty-Niners, Falcons
87%
H A 3 Heat, Hurricanes, Hawks
87%
W O 2 Warriors, White Sox
87%
A A 4 Avalanche, Angels, Astros, Athletics
86%
B I 2 Bills, Bruins
86%
C B 3 Cowboys, Cubs
86%
G T 2 Golden Knights, Giants
86%
L I 1 Lightning
86%
L N 2 Lightning, Lions
86%
N N 3 Nationals, Nuggets, Nets
86%
N S 3 Nationals, Nuggets, Nets
86%
N T 3 Nationals, Nuggets, Nets
86%
P O 3 Patriots, Predators, Pistons
86%
T A 3 Titans, Trail Blazers, Texans
86%
A C 2 Avalanche, Athletics
85%
A H 2 Avalanche, Athletics
85%
C H 2 Chargers, Chiefs
85%
F A 2 Flames, Falcons
85%
F R 2 Fourty-Niners, Flyers
85%
F Y 1 Flyers
85%
J E 1 Jets
85%
M I 4 Mariners, Magic, Marlins, Mavericks
85%
R I 3 Raiders, Red Wings, Rockies
85%
G A 2 Giants, Guardians
84%
H E 3 Heat, Hornets, Hurricanes
84%
H S 3 Hornets, Hurricanes, Hawks
84%
J T 1 Jets
84%
P H 2 Phillies, Panthers
84%
W D 2 Wizards, Wild
84%
Y A 4 Yankees
84%
Y E 4 Yankees
84%
Y K 1 Yankees
84%
Y N 4 Yankees
84%
Y S 1 Yankees
84%
Y Y 1 Yankees
84%
A N 2 Avalanche, Angels
83%
A S 3 Athletics, Angels, Astros
83%
E L 1 Eagles
83%
E S 2 Eagles
83%
S H 2 Seahawks, Sharks
83%
S K 2 Seahawks, Sharks
83%
W A 2 Wizards, Warriors
83%
W R 2 Wizards, Warriors
83%
B K 3 Bucks, Blue Jackets, Blackhawks
82%
B W 3 Brewers, Browns, Blackhawks
82%
D C 2 Diamondbacks, Ducks
82%
D K 2 Diamondbacks, Ducks
82%
E A 1 Eagles
82%
E E 1 Eagles
82%
E G 1 Eagles
82%
J G 1 Jaguars
82%
J R 1 Jaguars
82%
J U 1 Jaguars
82%
N E 2 Nuggets, Nets
82%
S I 2 Seventy-Sixers, Saints
82%
L A 1 Lakers
81%
L K 1 Lakers
81%
L R 1 Lakers
81%
M R 3 Mariners, Marlins, Mavericks
81%
D E 2 Devils, Dodgers
80%
G E 2 Golden Knights, Grizzlies
80%
G L 2 Golden Knights, Grizzlies
80%
O E 2 Oilers, Orioles
80%
O I 2 Oilers, Orioles
80%
O L 2 Oilers, Orioles
80%
O O 2 Oilers, Orioles
80%
O R 2 Oilers, Orioles
80%
O S 2 Oilers, Orioles
80%
B O 2 Broncos, Browns
79%
C U 2 Canucks, Cubs
79%
D H 1 Dolphins
79%
D P 1 Dolphins
79%
D R 1 Dodgers
79%
H T 2 Heat, Hornets
79%
K G 1 Kings
79%
R G 2 Rangers, Red Wings
79%
R X 1 Red Sox
79%
C W 1 Cowboys
78%
C Y 1 Cowboys
78%
M L 2 Maple Leafs, Marlins
78%
P L 2 Phillies, Pelicans
78%
W H 1 White Sox
78%
W T 1 White Sox
78%
W X 1 White Sox
78%
A I 1 Athletics
77%
A T 2 Athletics, Astros
77%
B J 2 Blue Jays, Blue Jackets
77%
C F 1 Chiefs
77%
G R 2 Grizzlies, Guardians
77%
L O 1 Lions
77%
M C 2 Magic, Mavericks
77%
T B 1 Timberwolves
77%
T L 2 Trail Blazers, Timberwolves
77%
V G 1 Vikings
77%
V I 1 Vikings
77%
V K 1 Vikings
77%
V N 1 Vikings
77%
V S 1 Vikings
77%
V V 1 Vikings
77%
C P 2 Capitals, Clippers
76%
H N 2 Hornets, Hurricanes
76%
H R 2 Hornets, Hurricanes
76%
J Z 1 Jazz
76%
M T 2 Mammoth, Mets
76%
R C 2 Rockets, Rockies
76%
R K 2 Rockets, Rockies
76%
S U 2 Spurs, Suns
76%
T W 2 Twins, Timberwolves
76%
P K 1 Packers
75%
R M 1 Rams
75%
R T 2 Raptors, Rockets
75%
F C 1 Falcons
73%
F I 1 Fourty-Niners
73%
F T 1 Fourty-Niners
73%
F U 1 Fourty-Niners
73%
K C 1 Knicks
73%
S W 1 Seahawks
73%
T X 1 Texans
73%
W z 1 Wizards
73%
T G 1 Tigers
72%
B G 1 Bengals
71%
G D 1 Golden Knights, Guardians
71%
H K 1 Hawks
71%
H W 1 Hawks
71%
P D 2 Padres, Predators
71%
R V 1 Ravens
71%
T D 1 Thunder
71%
T H 1 Thunder
71%
T U 1 Thunder
71%
C G 1 Chargers
70%
A V 1 Avalanche
69%
C V 1 Cavaliers
69%
M N 2 Mariners, Marlins
69%
N G 1 Nuggets
69%
N U 1 Nuggets
69%
P U 1 Penguins
69%
C M 1 Commanders
68%
G Z 1 Grizzlies
68%
P G 1 Penguins
68%
S V 1 Seventy-Sixers
68%
S X 1 Seventy-Sixers
68%
I A 1 Islanders
67%
I D 1 Islanders
67%
I E 1 Islanders
67%
I I 1 Islanders
67%
I L 1 Islanders
67%
I N 1 Islanders
67%
I R 1 Islanders
67%
I S 1 Islanders
67%
R Y 1 Royals
67%
S L 1 Steelers
67%
A G 1 Angels
66%
D G 1 Dodgers
66%
T M 1 Timberwolves
66%
T O 1 Timberwolves
66%
T V 1 Timberwolves
66%
A O 1 Astros
65%
A R 1 Astros
65%
B V 1 Braves
65%
D A 1 Diamondbacks
65%
D B 1 Diamondbacks
65%
D M 1 Diamondbacks
65%
D U 1 Ducks
65%
M G 6 Magic
65%
M K 1 Mavericks
65%
M V 4 Mavericks
65%
T Z 1 Trail Blazers
65%
S P 1 Spurs
64%
R P 1 Raptors
63%
C K 1 Canucks
62%
L G 1 Lightning
62%
L H 1 Lightning
62%
M F 1 Maple Leafs
62%
M P 1 Maple Leafs
62%
K A 1 Kraken
61%
K E 1 Kraken
61%
K R 1 Kraken
61%
L T 1 Lightning
61%
N A 1 Nationals
61%
N I 1 Nationals
61%
N L 1 Nationals
61%
N O 1 Nationals
61%
F M 1 Flames
60%
G H 1 Golden Knights
60%
G K 1 Golden Knights
60%
G O 1 Golden Knights
60%
H O 1 Hornets
60%
R W 1 Red Wings
59%
S B 1 Sabres
59%
W L 1 Wild
59%
B H 1 Blackhawks
58%
D V 1 Devils
57%
H U 1 Hurricanes
56%
S O 1 Senators
56%
H C 1 Hurricanes
55%
H I 1 Hurricanes
55%
B T 1 Blue Jackets
54%
R L 2 Royals
53%
G U 1 Guardians
52%
M H 1 Mammoth
41%
M O 1 Mammoth
41%
No matching quizzes found
Score Distribution
Percent of People with Each Score
Percentile by Number Answered
Your Score History
You have not taken this quiz since the last reset